MARC

LEADER 00000nam0a2200000 4500
001 314013
005 20231102002632.0
035 |a (RuTPU)RU\TPU\book\339404 
090 |a 314013 
100 |a 20160205d1977 m y0rusy50 ca 
101 0 |a rus 
102 |a RU 
105 |a a j 001zy 
200 1 |a Технический анализ в металлургии цветных и редких металлов  |e учебник для техникумов  |f Т. М. Малютина, О. В. Конькова  |g под ред. Т. В. Малюьиной 
210 |a Москва  |c Металлургия  |d 1977 
215 |a 208 с.  |c ил. 
320 |a Библиогр.: с. 208 
606 1 |a Цветные металлы  |x Физико-химический анализ  |2 stltpush  |3 (RuTPU)RU\TPU\subj\17835  |9 43397 
610 1 |a редкие металлы 
610 1 |a технический анализ 
610 1 |a учебники 
610 1 |a пробы 
610 1 |a отбор 
610 1 |a результаты 
610 1 |a методы 
610 1 |a классификация 
610 1 |a вскрытие 
610 1 |a осаждение 
610 1 |a экстракционные методы 
610 1 |a маскирование 
610 1 |a примесные элементы 
675 |a 669.2:54(075.3)  |v 4 
700 1 |a Малютина  |b Т. М.  |g Тамара Михайловна 
701 1 |a Конькова  |b О. В.  |g Ольга Викторовна 
702 1 |a Малюьина   |b Т. В.  |4 340 
801 1 |a RU  |b 63413507  |c 20160205 
801 2 |a RU  |b 63413507  |c 20210115  |g RCR 
942 |c BK